000 01011cam a22002411i 4500
003 SA-RiAUC
005 20241022150519.0
008 241020q19001999su g 000 0 ara c
040 _aSA-MaHRM
_bara
_cSA-RiAUC
_erda
082 0 4 _a250
_qSA-RiAUC
090 _a250 ك ت ا
245 0 0 _aكتاب المجموع لمهمات المسائل من الفروع /
_cجمع طه بن عمر بن طه بن عمر السقاف.
246 3 0 _aالمجموع لمهمات المسائل من الفروع
264 1 _aجدة، السعودية :
_bدار القبلة للثقافة الإسلامية،
_c[بين 1900 و1999]
300 _a766 صفحة ؛
_c24 سم
336 _aنص
_btxt
_2rdacontent
_3كتاب
337 _aبدون وسيط
_bn
_2rdamedia
338 _aمجلد
_bnc
_2rdacarrier
650 7 _aالفقه الإسلامي
_2aucsh
700 1 _aالسقاف، طه بن عمر بن طه،
_d1010-1062 هجري
_eجامع.
942 _2ddc
_cBOOK
_n0
949 _aSA-JeALM
_d241020
_umohamedma123
_n1
999 _c1605
_d1605